[Event "Viktor Kupreichik Memorial Rapid Open"]
[Site "Minsk"]
[Date "2018.06.22"]
[Round "6.1"]
[White "Andreikin, Dmitry"]
[Black "Korobov, Anton"]
[Result "1-0"]
[WhiteElo "2733"]
[BlackElo "2736"]
[PlyCount "77"]
[EventDate "2018.06.21"]
[EventType "swiss"]
[EventRounds "11"]
[EventCountry "BLR"]
[WhiteTeam "Ðîññèÿ"]
[BlackTeam "Óêðàèíà"]
[WhiteTeamCountry "RUS"]
[BlackTeamCountry "UKR"]

1. e4 c5 2. Nf3 d6 3. d4 cxd4 4. Qxd4 Nf6 5. Be2 Nc6 6. Qe3 Bg4 7. O-O e6 8.
Rd1 Be7 9. c4 Qc7 10. Nc3 a6 11. b3 O-O 12. Bb2 Ne5 13. Rac1 Bxf3 14. Bxf3 Qc5
15. Qe2 Rac8 16. g3 Nxf3+ 17. Qxf3 Qc6 18. Qe2 Rfe8 19. Rd2 h5 20. Rcd1 h4 21.
gxh4 b5 22. cxb5 axb5 23. Nxb5 Nxe4 24. Na7 Qa8 25. Nxc8 Rxc8 26. Qg4 e5 27.
Re2 Nf6 28. Qg2 Qa6 29. f4 Nh5 30. Rf1 Qa7+ 31. Kh1 exf4 32. Qg4 Rc5 33. Bd4
Qb7+ 34. Qg2 Rb5 35. Qxb7 Rxb7 36. a4 Bf6 37. Bxf6 Nxf6 38. a5 Rxb3 39. Ra2 1-0

[Event "Viktor Kupreichik Memorial Rapid Open"]
[Site "Minsk"]
[Date "2018.06.22"]
[Round "6.2"]
[White "Kovalev, Vladislav"]
[Black "Zarubitski, Viachaslau"]
[Result "1-0"]
[WhiteElo "2631"]
[BlackElo "2265"]
[PlyCount "79"]
[EventDate "2018.06.21"]
[EventType "swiss"]
[EventRounds "11"]
[EventCountry "BLR"]
[WhiteTeam "Áåëîðóññèÿ"]
[BlackTeam "Áåëîðóññèÿ"]
[WhiteTeamCountry "BLR"]
[BlackTeamCountry "BLR"]

1. e4 e5 2. Nf3 Nf6 3. Nc3 Nc6 4. Bb5 Nd4 5. Bc4 d6 6. h3 Be7 7. d3 c6 8. Nxd4
exd4 9. Ne2 d5 10. exd5 c5 11. c3 Nxd5 12. cxd4 cxd4 13. Qb3 Qa5+ 14. Bd2 Bb4
15. O-O-O Qc5 16. Kb1 Bxd2 17. Bxd5 Ba5 18. Bxf7+ Ke7 19. Ng3 Rf8 20. Ne4 Qb4
21. Qxb4+ Bxb4 22. Bd5 Bf5 23. a3 Bxe4 24. Bxe4 Bd6 25. Rd2 h6 26. Re1 Kd7 27.
Rc2 Rae8 28. Ree2 Rb8 29. Rc4 Be5 30. Rc5 Bf6 31. Rd5+ Ke6 32. Bf3+ Kf7 33.
Rd7+ Kg6 34. Bxb7 a5 35. Be4+ Kg5 36. g3 h5 37. f4+ Kh6 38. g4 hxg4 39. hxg4
Bh4 40. Rd6+ 1-0

[Event "Viktor Kupreichik Memorial Rapid Open"]
[Site "Minsk"]
[Date "2018.06.22"]
[Round "6.3"]
[White "Shevchenko, Kirill"]
[Black "Mamedov, Rauf"]
[Result "0-1"]
[WhiteElo "2432"]
[BlackElo "2711"]
[PlyCount "120"]
[EventDate "2018.06.21"]
[EventType "swiss"]
[EventRounds "11"]
[EventCountry "BLR"]
[WhiteTeam "Óêðàèíà"]
[BlackTeam "Àçåéðáàäæàí"]
[WhiteTeamCountry "UKR"]
[BlackTeamCountry "AZE"]

1. d4 d6 2. Nf3 Nf6 3. c4 g6 4. Nc3 Bf5 5. g3 Bg7 6. Bg2 O-O 7. O-O Nc6 8. Ne1
Qd7 9. e4 Bh3 10. Nc2 Rae8 11. d5 Ne5 12. Qe2 Bxg2 13. Kxg2 e6 14. f4 Neg4 15.
h3 Nh6 16. Qf3 exd5 17. cxd5 Nxe4 18. Nxe4 Qa4 19. Nc3 Qxc2+ 20. Rf2 Qf5 21. g4
Qd7 22. f5 f6 23. Bd2 Nf7 24. Raf1 gxf5 25. gxf5 Ne5 26. Qh5 Qf7 27. Qh4 Kh8
28. Kh1 Rg8 29. Rg2 Bf8 30. Rxg8+ Kxg8 31. Rg1+ Kh8 32. Ne4 Bg7 33. Qg3 Rg8 34.
Nc3 Qh5 35. Be3 Qxf5 36. Nb5 Nc4 37. Kh2 Nxe3 38. Qxe3 Qxd5 39. Nxc7 Qxa2 40.
Qc3 Qf7 41. Nb5 Qd5 42. Nc7 Qe5+ 43. Qxe5 fxe5 44. b4 e4 45. Re1 Be5+ 46. Kh1
Rg3 47. Rxe4 Rxh3+ 48. Kg2 Rd3 49. Ne6 Kg8 50. b5 Rg3+ 51. Kf2 Rb3 52. Nc7 Kf7
53. Kg2 Rc3 54. Nd5 Rc5 55. Ne3 Rxb5 56. Rh4 Rb3 57. Nd5 a5 58. Rxh7+ Ke6 59.
Nc7+ Kf5 60. Rf7+ Ke4 0-1

[Event "Viktor Kupreichik Memorial Rapid Open"]
[Site "Minsk"]
[Date "2018.06.22"]
[Round "6.4"]
[White "Aleksandrov, Aleksej"]
[Black "Nikitenko, Mihail"]
[Result "1/2-1/2"]
[WhiteElo "2597"]
[BlackElo "2401"]
[PlyCount "109"]
[EventDate "2018.06.21"]
[EventType "swiss"]
[EventRounds "11"]
[EventCountry "BLR"]
[WhiteTeam "Áåëîðóññèÿ"]
[BlackTeam "Áåëîðóññèÿ"]
[WhiteTeamCountry "BLR"]
[BlackTeamCountry "BLR"]

1. d4 d5 2. c4 c6 3. Nc3 Nf6 4. e3 e6 5. Nf3 Nbd7 6. Bd3 dxc4 7. Bxc4 b5 8. Be2
Bd6 9. O-O O-O 10. a3 Bb7 11. e4 e5 12. h3 a5 13. Bg5 h6 14. Bh4 b4 15. axb4
axb4 16. Rxa8 Bxa8 17. Na4 exd4 18. Qxd4 Bb8 19. Rd1 Qa5 20. Bxf6 Nxf6 21. b3
Ba7 22. Qc4 Rd8 23. Rxd8+ Qxd8 24. Qxb4 c5 25. Nxc5 Qc7 26. Nd3 Nxe4 27. Qc4
Qd8 28. Nfe5 Bd5 29. Qa4 Bb6 30. Bf3 Nc3 31. Qd7 Bxf3 32. Qxd8+ Bxd8 33. Nxf3
Kf8 34. Kf1 Ke7 35. Nd4 Bb6 36. Nc6+ Ke6 37. Ke1 Kd5 38. Nce5 Kd4 39. Kd2 Ne4+
40. Ke2 Nc3+ 41. Kd2 Ne4+ 42. Kc2 Nxf2 43. Nf3+ Kd5 44. Nxf2 Bxf2 45. Kd3 Bc5
46. Nd2 f5 47. Nb1 g5 48. Nc3+ Ke5 49. Ke2 Kd4 50. Nd1 h5 51. Ne3 Ke4 52. Nc2
f4 53. b4 Ba7 54. b5 g4 55. hxg4 1/2-1/2

[Event "Viktor Kupreichik Memorial Rapid Open"]
[Site "Minsk"]
[Date "2018.06.22"]
[Round "6.5"]
[White "Bernotas, Arturs"]
[Black "Fedorov, Alexei"]
[Result "0-1"]
[WhiteElo "2410"]
[BlackElo "2577"]
[PlyCount "87"]
[EventDate "2018.06.21"]
[EventType "swiss"]
[EventRounds "11"]
[EventCountry "BLR"]
[WhiteTeam "Ëàòâèÿ"]
[BlackTeam "Áåëîðóññèÿ"]
[WhiteTeamCountry "LAT"]
[BlackTeamCountry "BLR"]

1. e4 c5 2. Nf3 Nc6 3. Bb5 e6 4. O-O Nge7 5. d4 cxd4 6. Nxd4 Qb6 7. Nxc6 bxc6
8. Bd3 Ng6 9. c4 Be7 10. Nc3 c5 11. f4 O-O 12. Rb1 a6 13. Be3 Qc7 14. Qh5 f6
15. Rf3 Rf7 16. e5 f5 17. g4 fxg4 18. Rg3 Bb7 19. Rxg4 Bf3 20. h3 Raf8 21. Rf1
Rf5 22. Bxf5 Rxf5 23. Qxf5 exf5 24. Rxg6 Bb7 25. Rg2 Bxg2 26. Kxg2 Qb7+ 27. Nd5
Qxb2+ 28. Rf2 Qb7 29. Bc1 Bh4 30. Rb2 Qc6 31. Be3 Qg6+ 32. Kf1 Qg3 33. Rb8+ Kf7
34. Rb7 Qe1+ 35. Kg2 Qe2+ 36. Kg1 Qe1+ 37. Kg2 Qg3+ 38. Kf1 Qxh3+ 39. Kg1 Qg4+
40. Kf1 Qd1+ 41. Kg2 Qa4 42. Kh3 Bd8 43. Bxc5 Kg6 44. Bb6 {time} 0-1

[Event "Viktor Kupreichik Memorial Rapid Open"]
[Site "Minsk"]
[Date "2018.06.22"]
[Round "6.6"]
[White "Meshkovs, Nikita"]
[Black "Zhukova, Natalia"]
[Result "1-0"]
[WhiteElo "2572"]
[BlackElo "2356"]
[PlyCount "97"]
[EventDate "2018.06.21"]
[EventType "swiss"]
[EventRounds "11"]
[EventCountry "BLR"]
[WhiteTeam "Ëàòâèÿ"]
[BlackTeam "Óêðàèíà"]
[WhiteTeamCountry "LAT"]
[BlackTeamCountry "UKR"]

1. c4 e6 2. Nf3 Nf6 3. Nc3 d5 4. e3 a6 5. b3 c5 6. cxd5 exd5 7. d4 cxd4 8. Nxd4
Bb4 9. Bd2 O-O 10. Bd3 Nc6 11. Nxc6 bxc6 12. O-O Bd6 13. g3 Bh3 14. Re1 h5 15.
Rc1 Ng4 16. Bf1 Qf6 17. Qe2 Bxf1 18. Rxf1 Rfe8 19. Na4 Ba3 20. Rcd1 a5 21. h3
Ne5 22. Qxh5 g6 23. Qh6 Qf5 24. Bc3 Bf8 25. Qf4 Qxf4 26. exf4 Nd7 27. Rd2 Re4
28. Kg2 Bb4 29. Rc1 Re6 30. Rdc2 Ba3 31. Bb2 Bxb2 32. Nxb2 c5 33. Rd2 d4 34.
Na4 Rd6 35. Nxc5 Nxc5 36. Rxc5 a4 37. b4 a3 38. Rd3 Re8 39. Ra5 Re2 40. Raxa3
Rb2 41. Ra8+ Kg7 42. a3 Rc6 43. Rd8 Rcc2 44. Rf3 Rd2 45. f5 g5 46. f6+ Kh7 47.
Rf8 d3 48. Rxf7+ Kh6 49. Rd7 1-0

[Event "Viktor Kupreichik Memorial Rapid Open"]
[Site "Minsk"]
[Date "2018.06.22"]
[Round "6.7"]
[White "Notkin, Maksim"]
[Black "Sirotkina, Nina"]
[Result "1-0"]
[WhiteElo "2455"]
[BlackElo "2116"]
[PlyCount "43"]
[EventDate "2018.06.21"]
[EventType "swiss"]
[EventRounds "11"]
[EventCountry "BLR"]
[WhiteTeam "Ðîññèÿ"]
[BlackTeam "Ðîññèÿ"]
[WhiteTeamCountry "RUS"]
[BlackTeamCountry "RUS"]

1. d4 Nf6 2. c4 c5 3. d5 e5 4. Nc3 d6 5. e4 Be7 6. g3 O-O 7. Bg2 Ne8 8. Nge2 f5
9. O-O a6 10. a4 fxe4 11. Nxe4 Bg4 12. f3 Bf5 13. N2c3 Nd7 14. h3 Rb8 15. f4
exf4 16. Bxf4 h6 17. Qe2 Ndf6 18. Nxc5 Qb6 19. Qxe7 Bd3 20. Qe3 Bxf1 21. Rxf1
dxc5 22. Bxb8 1-0

[Event "Viktor Kupreichik Memorial Rapid Open"]
[Site "Minsk"]
[Date "2018.06.22"]
[Round "7.1"]
[White "Andreikin, Dmitry"]
[Black "Kovalev, Vladislav"]
[Result "1/2-1/2"]
[WhiteElo "2733"]
[BlackElo "2631"]
[PlyCount "35"]
[EventDate "2018.06.21"]
[EventType "swiss"]
[EventRounds "11"]
[EventCountry "BLR"]
[WhiteTeam "Ðîññèÿ"]
[BlackTeam "Áåëîðóññèÿ"]
[WhiteTeamCountry "RUS"]
[BlackTeamCountry "BLR"]

1. e4 e5 2. Nf3 Nc6 3. Bb5 a6 4. Ba4 Nf6 5. O-O Be7 6. Bxc6 dxc6 7. d3 Nd7 8.
Nbd2 O-O 9. Nc4 Bd6 10. d4 Qe7 11. Re1 Re8 12. b3 c5 13. dxe5 Nxe5 14. Nxd6
cxd6 15. Nd2 Ng4 16. Nf3 Ne5 17. Nd2 Ng4 18. Nf3 1/2-1/2

[Event "Viktor Kupreichik Memorial Rapid Open"]
[Site "Minsk"]
[Date "2018.06.22"]
[Round "7.2"]
[White "Korobov, Anton"]
[Black "Fedorov, Alexei"]
[Result "1-0"]
[WhiteElo "2736"]
[BlackElo "2577"]
[PlyCount "61"]
[EventDate "2018.06.21"]
[EventType "swiss"]
[EventRounds "11"]
[EventCountry "BLR"]
[WhiteTeam "Óêðàèíà"]
[BlackTeam "Áåëîðóññèÿ"]
[WhiteTeamCountry "UKR"]
[BlackTeamCountry "BLR"]

1. d4 Nf6 2. c4 g6 3. Nc3 Bg7 4. e4 d6 5. Nf3 O-O 6. Be2 Bg4 7. Be3 Nfd7 8. Rc1
c5 9. d5 Na6 10. h3 Bxf3 11. Bxf3 Nc7 12. h4 b5 13. cxb5 a6 14. bxa6 Qb8 15.
Qd2 Qb4 16. a3 Qb6 17. h5 Rfb8 18. hxg6 fxg6 19. Rc2 Qb3 20. Be2 Nxa6 21. O-O
Nc7 22. Bg5 Re8 23. Rfc1 Nb6 24. Qd3 h6 25. Bd2 Bd4 26. e5 Kg7 27. Qe4 Nd7 28.
Qh4 Nxe5 29. Qxh6+ Kg8 30. Bf4 Qb6 31. Bxe5 1-0

[Event "Viktor Kupreichik Memorial Rapid Open"]
[Site "Minsk"]
[Date "2018.06.22"]
[Round "7.3"]
[White "Mamedov, Rauf"]
[Black "Meshkovs, Nikita"]
[Result "1-0"]
[WhiteElo "2711"]
[BlackElo "2572"]
[PlyCount "85"]
[EventDate "2018.06.21"]
[EventType "swiss"]
[EventRounds "11"]
[EventCountry "BLR"]
[WhiteTeam "Àçåéðáàäæàí"]
[BlackTeam "Ëàòâèÿ"]
[WhiteTeamCountry "AZE"]
[BlackTeamCountry "LAT"]

1. e4 e5 2. Nc3 Nf6 3. g3 Bc5 4. Bg2 O-O 5. d3 c6 6. Nf3 d6 7. O-O a5 8. d4
exd4 9. Nxd4 a4 10. h3 Re8 11. a3 Qb6 12. Nde2 Nbd7 13. b4 axb3 14. cxb3 Qa6
15. Bf4 Ne5 16. b4 Bb6 17. Qxd6 Nc4 18. Qd3 Be6 19. a4 Nh5 20. Qc2 Rad8 21. Bg5
f6 22. Bc1 g5 23. g4 Ng7 24. e5 Nxe5 25. b5 cxb5 26. Ne4 Rf8 27. Ba3 b4 28.
Bxb4 Rf7 29. a5 Ba7 30. Rfd1 Rc8 31. Qxc8+ Bxc8 32. Rd8+ Ne8 33. Rxe8+ Kg7 34.
N2g3 Bd7 35. Nh5+ Kh6 36. Rg8 Ng6 37. Nd6 Re7 38. Rd8 Qe2 39. Rf1 Be6 40. Ng3
Bxf2+ 41. Rxf2 Qd1+ 42. Kh2 Qe2 43. Rf1 1-0

[Event "Viktor Kupreichik Memorial Rapid Open"]
[Site "Minsk"]
[Date "2018.06.22"]
[Round "7.4"]
[White "Zarubitski, Viachaslau"]
[Black "Aleksandrov, Aleksej"]
[Result "0-1"]
[WhiteElo "2265"]
[BlackElo "2597"]
[PlyCount "66"]
[EventDate "2018.06.21"]
[EventType "swiss"]
[EventRounds "11"]
[EventCountry "BLR"]
[WhiteTeam "Áåëîðóññèÿ"]
[BlackTeam "Áåëîðóññèÿ"]
[WhiteTeamCountry "BLR"]
[BlackTeamCountry "BLR"]

1. e4 e5 2. Nf3 Nc6 3. Bb5 Nf6 4. O-O Nxe4 5. Re1 Nd6 6. Nxe5 Be7 7. Bf1 Nxe5
8. Rxe5 O-O 9. d4 Bf6 10. Re1 Re8 11. c3 Rxe1 12. Qxe1 Qe8 13. Qxe8+ Nxe8 14.
Bf4 d5 15. Bd3 c6 16. Nd2 g6 17. Re1 Ng7 18. Be5 Bxe5 19. Rxe5 Kf8 20. Kf1 f6
21. Re1 Kf7 22. f3 h5 23. Kf2 g5 24. h4 gxh4 25. Rh1 Bf5 26. Bf1 h3 27. g3 Re8
28. Bxh3 Bxh3 29. Rxh3 Kg6 30. Nb3 Nf5 31. Nc1 Kg5 32. Ne2 a5 33. Rh1 Rxe2+ 0-1

[Event "Viktor Kupreichik Memorial Rapid Open"]
[Site "Minsk"]
[Date "2018.06.22"]
[Round "7.5"]
[White "Tsigelnitskiy, Ilusha"]
[Black "Notkin, Maksim"]
[Result "1/2-1/2"]
[WhiteElo "2253"]
[BlackElo "2455"]
[PlyCount "135"]
[EventDate "2018.06.21"]
[EventType "swiss"]
[EventRounds "11"]
[EventCountry "BLR"]
[WhiteTeam "Ðîññèÿ"]
[BlackTeam "Ðîññèÿ"]
[WhiteTeamCountry "RUS"]
[BlackTeamCountry "RUS"]

1. e4 e5 2. Nf3 Nc6 3. Bc4 Bc5 4. c3 Nf6 5. d3 a6 6. Bb3 Ba7 7. O-O d6 8. h3 h6
9. Nbd2 O-O 10. Re1 Ne7 11. Nf1 Ng6 12. Ng3 Be6 13. Bc2 Qc8 14. d4 Re8 15. Nf5
d5 16. Nxe5 Nxe5 17. dxe5 Nxe4 18. Nd4 Bd7 19. Bxe4 dxe4 20. Rxe4 c5 21. Nf3
Bf5 22. Re1 Qc6 23. Bf4 Rad8 24. Qe2 Rd3 25. Rad1 c4 26. Nh4 Bh7 27. Nf3 Qd5
28. Nd4 Bxd4 29. cxd4 Qxd4 30. Rxd3 cxd3 31. Qg4 Re6 32. Rc1 Bg6 33. Qg3 Qxb2
34. h4 Rc6 35. Rxc6 bxc6 36. h5 Qb1+ 37. Kh2 Bxh5 38. Bxh6 Bg6 39. Be3 Qxa2 40.
Qg5 Qd5 41. Bd2 a5 42. f4 a4 43. Qg4 Qe6 44. Qg5 Qd5 45. Qg4 Qe6 46. Qg5 Qd7
47. e6 Qe8 48. f5 Bxf5 49. Qxf5 Qxe6 50. Qxd3 f6 51. Bb4 Kf7 52. Kg3 Qb3 53.
Qxb3+ axb3 54. Bc3 Ke6 55. Kf4 Kd5 56. Ke3 Kc4 57. Kd2 c5 58. Bb2 Kb4 59. Ke3
Kc4 60. Kd2 Kd5 61. Kc3 c4 62. Kb4 Ke4 63. Kxc4 Kf4 64. Kxb3 Kg3 65. Kc4 Kxg2
66. Kd5 Kf3 67. Bxf6 gxf6 68. Ke6 1/2-1/2

[Event "Viktor Kupreichik Memorial Rapid Open"]
[Site "Minsk"]
[Date "2018.06.22"]
[Round "7.9"]
[White "Kuznetsov, Mikhail V"]
[Black "Shevchenko, Kirill"]
[Result "1-0"]
[WhiteElo "2162"]
[BlackElo "2432"]
[PlyCount "157"]
[EventDate "2018.06.21"]
[EventType "swiss"]
[EventRounds "11"]
[EventCountry "BLR"]
[WhiteTeam "Ðîññèÿ"]
[BlackTeam "Óêðàèíà"]
[WhiteTeamCountry "RUS"]
[BlackTeamCountry "UKR"]

1. d4 Nf6 2. Nf3 g6 3. g3 Bg7 4. Bg2 O-O 5. O-O d6 6. Nc3 d5 7. Ne5 Bf5 8. h3
h5 9. Bf4 c6 10. e3 Qc8 11. Kh2 Nbd7 12. Qe2 Nh7 13. e4 dxe4 14. Nxe4 Nhf6 15.
Nxf6+ Nxf6 16. c4 Qe6 17. Rfe1 Rad8 18. Rad1 Rfe8 19. Qf3 Qc8 20. Qa3 a6 21.
Qb3 Nd7 22. Nf3 Nf6 23. Qb4 Be4 24. Qa5 Qf5 25. Qb4 Qc8 26. Rd2 e6 27. Qc3 Bxf3
28. Qxf3 Rd7 29. Rde2 Rf8 30. Rd2 Qd8 31. Be3 Qa5 32. a3 Rfd8 33. Red1 Nh7 34.
Qf4 Qa4 35. d5 cxd5 36. cxd5 Qxf4 37. Bxf4 exd5 38. Bxd5 Kf8 39. Bxb7 Rxd2 40.
Rxd2 Rxd2 41. Bxd2 Bxb2 42. Bb4+ Ke8 43. Bxa6 Nf6 44. Bb5+ Kd8 45. Bc4 Ke8 46.
Kg2 Bd4 47. f4 Ne4 48. a4 f5 49. Kf3 Nf2 50. Bf1 Kd7 51. Be1 Ne4 52. g4 hxg4+
53. hxg4 Nc5 54. Bb5+ Ke7 55. g5 Nb7 56. Bb4+ Kf7 57. Bc4+ Ke8 58. a5 Nc5 59.
a6 Ne4 60. Bd5 Nf2 61. Bd2 Ng4 62. Bc6+ Ke7 63. Bb4+ Kd8 64. Ba5+ Ke7 65. Bc7
Ba7 66. Ba5 Ne3 67. Bb4+ Kd8 68. Bc3 Ke7 69. Bb5 Nc2 70. Ke2 Nd4+ 71. Bxd4 Bxd4
72. Kd3 Bg1 73. Kc4 Kd6 74. Be8 Kc7 75. Bxg6 Be3 76. Bxf5 Bxf4 77. g6 Bh6 78.
Kd5 Kb6 79. Bd3 1-0

[Event "Viktor Kupreichik Memorial Rapid Open"]
[Site "Minsk"]
[Date "2018.06.22"]
[Round "7.10"]
[White "Sirotkina, Nina"]
[Black "Bernotas, Arturs"]
[Result "0-1"]
[WhiteElo "2116"]
[BlackElo "2410"]
[PlyCount "114"]
[EventDate "2018.06.21"]
[EventType "swiss"]
[EventRounds "11"]
[EventCountry "BLR"]
[WhiteTeam "Ðîññèÿ"]
[BlackTeam "Ëàòâèÿ"]
[WhiteTeamCountry "RUS"]
[BlackTeamCountry "LAT"]

1. d4 Nf6 2. Bf4 e6 3. Nd2 d5 4. e3 c5 5. c3 Nc6 6. Ngf3 Bd6 7. Bg3 O-O 8. Bb5
a6 9. Bxc6 bxc6 10. O-O a5 11. Bh4 a4 12. Ne5 cxd4 13. cxd4 c5 14. Ng4 Be7 15.
Nxf6+ Bxf6 16. Bxf6 Qxf6 17. Nf3 Ba6 18. Re1 Rfb8 19. b3 cxd4 20. exd4 axb3 21.
axb3 Bb5 22. Qc2 h6 23. Qc7 Qd8 24. Qc5 Rxa1 25. Rxa1 Qc8 26. h3 Be2 27. Ne5
Qxc5 28. dxc5 f6 29. Nd7 Rxb3 30. Ra8+ Kf7 31. Ra7 Kg6 32. g4 Kg5 33. Nf8 Bf3
34. Rxg7+ Kh4 35. Kh2 Be4 36. Ng6+ Bxg6 37. Rxg6 Rxh3+ 38. Kg2 Rc3 39. Rxf6
Kxg4 40. Rxe6 h5 41. Rg6+ Kf5 42. Rh6 Kg5 43. Re6 Rxc5 44. Re5+ Kg4 45. Re8 h4
46. Rd8 h3+ 47. Kh2 Kf3 48. Rf8+ Ke4 49. Kxh3 d4 50. Kg4 d3 51. Re8+ Kd4 52.
Rd8+ Rd5 53. Ra8 d2 54. Ra1 Kc3 55. f4 d1=Q+ 56. Rxd1 Rxd1 57. f5 Kd4 0-1

[Event "Viktor Kupreichik Memorial Rapid Open"]
[Site "Minsk"]
[Date "2018.06.22"]
[Round "8.2"]
[White "Mamedov, Rauf"]
[Black "Andreikin, Dmitry"]
[Result "1/2-1/2"]
[WhiteElo "2711"]
[BlackElo "2733"]
[PlyCount "24"]
[EventDate "2018.06.21"]
[EventType "swiss"]
[EventRounds "11"]
[EventCountry "BLR"]
[WhiteTeam "Àçåéðáàäæàí"]
[BlackTeam "Ðîññèÿ"]
[WhiteTeamCountry "AZE"]
[BlackTeamCountry "RUS"]

1. e4 c5 2. Nf3 e6 3. d4 cxd4 4. Nxd4 a6 5. Nc3 Nc6 6. g3 Qc7 7. Bg2 Nf6 8. O-O
Be7 9. Re1 O-O 10. Nxc6 dxc6 11. e5 Rd8 12. Qe2 Nd5 1/2-1/2

[Event "Viktor Kupreichik Memorial Rapid Open"]
[Site "Minsk"]
[Date "2018.06.22"]
[Round "8.3"]
[White "Nikitenko, Mihail"]
[Black "Meshkov, Yuri A"]
[Result "1-0"]
[WhiteElo "2401"]
[BlackElo "2375"]
[PlyCount "27"]
[EventDate "2018.06.21"]
[EventType "swiss"]
[EventRounds "11"]
[EventCountry "BLR"]
[WhiteTeam "Áåëîðóññèÿ"]
[BlackTeam "Ðîññèÿ"]
[WhiteTeamCountry "BLR"]
[BlackTeamCountry "RUS"]

1. e4 c6 2. Nc3 d5 3. Nf3 Bg4 4. h3 Bxf3 5. Qxf3 e6 6. d3 Nd7 7. Bd2 g6 8.
O-O-O Bg7 9. h4 h5 10. Bg5 Qa5 11. d4 Ngf6 12. Kb1 dxe4 13. Nxe4 Qf5 14. Nd6+
1-0

[Event "Viktor Kupreichik Memorial Rapid Open"]
[Site "Minsk"]
[Date "2018.06.22"]
[Round "8.5"]
[White "Meshkovs, Nikita"]
[Black "Nigmatov, Ortik"]
[Result "1-0"]
[WhiteElo "2572"]
[BlackElo "2210"]
[PlyCount "79"]
[EventDate "2018.06.21"]
[EventType "swiss"]
[EventRounds "11"]
[EventCountry "BLR"]
[WhiteTeam "Ëàòâèÿ"]
[BlackTeam "Óçáåêèñòàí"]
[WhiteTeamCountry "LAT"]
[BlackTeamCountry "UZB"]

1. d4 Nf6 2. c4 g6 3. Nc3 Bg7 4. e4 d6 5. Nf3 O-O 6. h3 Qe8 7. Be3 Na6 8. c5
dxc5 9. dxc5 e5 10. Qb3 b6 11. Qa3 Nxc5 12. Bxc5 bxc5 13. Qxc5 Bb7 14. Bd3 Qd8
15. O-O-O Qd6 16. Qxd6 cxd6 17. Rhe1 d5 18. exd5 Nxd5 19. Be4 Nxc3 20. bxc3
Bxe4 21. Rxe4 Rfc8 22. Kc2 Rc5 23. Nd2 Rac8 24. Re3 f5 25. Nb3 R5c7 26. f3 Kf7
27. Rdd3 Kf6 28. g3 h5 29. Rd6+ Kf7 30. Ra6 e4 31. fxe4 fxe4 32. Rxe4 Rxc3+ 33.
Kd1 Rxg3 34. Rxa7+ Kg8 35. h4 Rg2 36. Re2 Rd8+ 37. Ke1 Rg1+ 38. Kf2 Bd4+ 39.
Nxd4 Rh1 40. Ree7 1-0

[Event "Viktor Kupreichik Memorial Rapid Open"]
[Site "Minsk"]
[Date "2018.06.22"]
[Round "8.6"]
[White "Notkin, Maksim"]
[Black "Kuznetsov, Mikhail V"]
[Result "1-0"]
[WhiteElo "2455"]
[BlackElo "2162"]
[PlyCount "81"]
[EventDate "2018.06.21"]
[EventType "swiss"]
[EventRounds "11"]
[EventCountry "BLR"]
[WhiteTeam "Ðîññèÿ"]
[BlackTeam "Ðîññèÿ"]
[WhiteTeamCountry "RUS"]
[BlackTeamCountry "RUS"]

1. d4 Nf6 2. c4 e6 3. Nf3 Bb4+ 4. Bd2 Qe7 5. g3 O-O 6. Bg2 Bxd2+ 7. Qxd2 d6 8.
Nc3 e5 9. O-O Re8 10. h3 e4 11. Ng5 Bf5 12. Qf4 Bg6 13. h4 Nc6 14. Rad1 e3 15.
Qxe3 Qxe3 16. fxe3 Rxe3 17. Bf3 Rae8 18. g4 h6 19. Nh3 Be4 20. Nxe4 Nxe4 21.
Nf4 Ng3 22. Rf2 Nb4 23. a3 Nc2 24. Rd2 Na1 25. Rg2 Ne4 26. Rd1 Nc2 27. Nd5 Rb3
28. Nxc7 Re7 29. Nd5 Re8 30. g5 hxg5 31. hxg5 Rxb2 32. e3 Nxg5 33. Rxg5 Nxe3
34. Nxe3 Rxe3 35. Bd5 Kf8 36. a4 Ra3 37. Re1 Rxa4 38. Rf5 f6 39. Rh5 g6 40. Rh7
Rab4 41. Rf7+ 1-0

[Event "Viktor Kupreichik Memorial Rapid Open"]
[Site "Minsk"]
[Date "2018.06.22"]
[Round "8.7"]
[White "Bernotas, Arturs"]
[Black "Laptii, Nazar"]
[Result "0-1"]
[WhiteElo "2410"]
[BlackElo "1915"]
[PlyCount "114"]
[EventDate "2018.06.21"]
[EventType "swiss"]
[EventRounds "11"]
[EventCountry "BLR"]
[WhiteTeam "Ëàòâèÿ"]
[BlackTeam "Óêðàèíà"]
[WhiteTeamCountry "LAT"]
[BlackTeamCountry "UKR"]

1. e4 d5 2. exd5 Nf6 3. d4 Nxd5 4. c4 Nb6 5. Nf3 Bf5 6. Nc3 e6 7. Be3 Be7 8.
Be2 O-O 9. O-O Bf6 10. h3 Nc6 11. a3 a5 12. Qb3 a4 13. Qa2 Bc2 14. Bd1 Bb3 15.
Bxb3 axb3 16. Qxb3 Na5 17. Qc2 Naxc4 18. Rad1 c6 19. Ne4 Nd6 20. Nc5 Nd5 21.
Bc1 Ra7 22. Ne5 Nf5 23. Rfe1 Re8 24. Qe4 Bxe5 25. dxe5 b6 26. Nd3 Qa8 27. g4
Ra4 28. Qg2 Nd4 29. Re4 c5 30. Nf4 Nxf4 31. Bxf4 Nf3+ 32. Qxf3 Qxe4 33. Qxe4
Rxe4 34. Be3 Rxe5 35. Rd6 b5 36. b3 Rc8 37. Kf1 c4 38. bxc4 bxc4 39. Ke2 c3 40.
Rd1 h6 41. Rc1 Ra5 42. Ra1 Rca8 43. Bc1 Rd8 44. Ra2 f6 45. Rc2 Rc5 46. Be3 Rc4
47. f3 e5 48. h4 Kf7 49. h5 Ke6 50. Bc1 Rd5 51. a4 Ra5 52. Kd3 Raxa4 53. Be3
Kd5 54. Ke2 Ra1 55. Bc1 Kc5 56. Kd3 Kb4 57. Be3 Kb3 0-1

[Event "Viktor Kupreichik Memorial Rapid Open"]
[Site "Minsk"]
[Date "2018.06.22"]
[Round "8.16"]
[White "Shevchenko, Kirill"]
[Black "Romanovskij, Nikita"]
[Result "1-0"]
[WhiteElo "2432"]
[BlackElo "1990"]
[PlyCount "107"]
[EventDate "2018.06.21"]
[EventType "swiss"]
[EventRounds "11"]
[EventCountry "BLR"]
[WhiteTeam "Óêðàèíà"]
[BlackTeam "Áåëîðóññèÿ"]
[WhiteTeamCountry "UKR"]
[BlackTeamCountry "BLR"]

1. e4 e5 2. Nf3 Nf6 3. Nxe5 d6 4. Nf3 Nxe4 5. Nc3 Nxc3 6. dxc3 Be7 7. Be3 Bg4
8. h3 Bf5 9. Bd3 Bxd3 10. Qxd3 Qd7 11. O-O-O Nc6 12. Rhe1 O-O-O 13. Nd4 Bf6 14.
Nxc6 Qxc6 15. g4 h6 16. Qf5+ Kb8 17. Bd4 Bxd4 18. Rxd4 Qd7 19. Qd5 c6 20. Qf3
Rhe8 21. Rde4 d5 22. Qf4+ Kc8 23. Re5 f6 24. R5e3 Rxe3 25. Qxe3 b6 26. Qe2 Kb7
27. f4 Qd6 28. Qe3 Kc7 29. f5 d4 30. Qe7+ Rd7 31. Qxd6+ Kxd6 32. cxd4 Rd8 33.
c4 h5 34. Re4 Rh8 35. Kd2 hxg4 36. hxg4 Rh2+ 37. Kc3 Rh3+ 38. Kb4 Rh2 39. Ka3
Kd7 40. b3 Rd2 41. b4 Rd3+ 42. Kb2 Rg3 43. c5 b5 44. Kc2 Rg2+ 45. Kb3 Rg3+ 46.
Kc2 Rg2+ 47. Kd3 Rxa2 48. g5 Rf2 49. gxf6 gxf6 50. Rh4 Rxf5 51. Rh7+ Ke6 52.
Rc7 Rf3+ 53. Ke4 f5+ 54. Kxf3 1-0

[Event "Viktor Kupreichik Memorial Rapid Open"]
[Site "Minsk"]
[Date "2018.06.23"]
[Round "9.1"]
[White "Korobov, Anton"]
[Black "Mamedov, Rauf"]
[Result "0-1"]
[WhiteElo "2736"]
[BlackElo "2711"]
[PlyCount "114"]
[EventDate "2018.06.21"]
[EventType "swiss"]
[EventRounds "11"]
[EventCountry "BLR"]
[WhiteTeam "Óêðàèíà"]
[BlackTeam "Àçåéðáàäæàí"]
[WhiteTeamCountry "UKR"]
[BlackTeamCountry "AZE"]

1. d4 d5 2. c4 e6 3. Nc3 c5 4. e3 Nf6 5. Nf3 Nc6 6. a3 a6 7. b3 Be7 8. Bb2 cxd4
9. exd4 O-O 10. Bd3 b6 11. O-O Bb7 12. Qe2 Na5 13. cxd5 Nxd5 14. Nxd5 Bxd5 15.
b4 Nc6 16. Bxa6 Bxf3 17. Qxf3 Nxd4 18. Qd3 Bf6 19. Rfd1 Qc7 20. Rac1 Qa7 21.
Bxd4 Bxd4 22. Qxd4 Qxa6 23. Rc3 b5 24. h4 Qa7 25. Qe5 Qb8 26. Qe2 h6 27. Rg3
Ra7 28. Rd4 Re7 29. Qd2 Qe5 30. Re3 Qf6 31. Rg4 h5 32. Rg5 Rc7 33. Rc5 Rd8 34.
Qe2 Rxc5 35. bxc5 Qxh4 36. c6 Rc8 37. Qxb5 Qd4 38. Qb7 Qd1+ 39. Kh2 Qd6+ 40.
Rg3 Rxc6 41. Qb2 g6 42. Qf6 Rc4 43. Kh3 Rf4 44. Qg5 Qd1 45. Kh2 Rxf2 46. Rc3
Qd6+ 47. Kg1 Rf5 48. Qe3 Qd1+ 49. Kh2 Qd6+ 50. Kg1 Rd5 51. a4 Rd1+ 52. Kf2 Rd2+
53. Kg1 Qd5 54. Qg3 Qd4+ 55. Kh2 Kg7 56. a5 h4 57. Qe3 Qd5 0-1